000 00494nam a2200181Ia 4500
001 1743
005 20260306143751.0
008 260306t2018||||xx |||||||||||||| ||spa||
041 _aESP
082 _a155.28
_bM86
100 _aMorrison, James
_eAUT
245 0 _aLa entrevista en niños y adolescentes. Habilidades y estrategias para el diagnóstico eficaz del DSM-5
260 _c2018
300 _a497 páginas :
_c23 cm.
650 _aGEN
654 _aCPS
942 _cLIB
_dJUS
_fJUS
_2ddc
_n
999 _c1743
_d1743